Foundation in public health and samitation / (Record no. 522012)

MARC details
000 -LEADER
fixed length control field 00870nam a2200265 a 4500
001 - CONTROL NUMBER
control field vtls001218325
003 - CONTROL NUMBER IDENTIFIER
control field NLI
005 - DATE AND TIME OF LATEST TRANSACTION
control field 20210603170851.0
008 - FIXED-LENGTH DATA ELEMENTS--GENERAL INFORMATION
fixed length control field 120525s2003 ii s000 0 eng
039 #9 - LEVEL OF BIBLIOGRAPHIC CONTROL AND CODING DETAIL [OBSOLETE]
Level of rules in bibliographic description 201205252220
Level of effort used to assign nonsubject heading access points VLOAD
-- 201203282056
-- VLOAD
040 0# - CATALOGING SOURCE
Original cataloging agency NLI
Language of cataloging eng
Transcribing agency Datasoft_IOD
Description conventions AACR2
041 0# - LANGUAGE CODE
Language code of text/sound track or separate title eng
044 ## - COUNTRY OF PUBLISHING/PRODUCING ENTITY CODE
MARC country code ii
082 04 - DEWEY DECIMAL CLASSIFICATION NUMBER
Classification number 370.113
245 00 - TITLE STATEMENT
Title Foundation in public health and samitation /
Statement of responsibility, etc. published by All India Institute of Local Self Government
260 ## - PUBLICATION, DISTRIBUTION, ETC.
Place of publication, distribution, etc. Mumbai :
Name of publisher, distributor, etc. All India Institute of Local Self Government,
Date of publication, distribution, etc. c2003
300 ## - PHYSICAL DESCRIPTION
Extent 244 p. ;
Dimensions 28 cm.
500 ## - GENERAL NOTE
General note Government publication
650 #0 - SUBJECT ADDED ENTRY--TOPICAL TERM
Topical term or geographic name entry element Educational sociology
Geographic subdivision India
710 2# - ADDED ENTRY--CORPORATE NAME
Corporate name or jurisdiction name as entry element All India Institute of Local Self-Government (Mumbai)
887 ## - NON-MARC INFORMATION FIELD
Content of non-MARC field
901 ## - LOCAL DATA ELEMENT A, LDA (RLIN)
a 138863 date
b 28.1.2004
902 ## - LOCAL DATA ELEMENT B, LDB (RLIN)
a GP 370.113 F 825paperi v, v
942 ## - ADDED ENTRY ELEMENTS (KOHA)
Source of classification or shelving scheme Dewey Decimal Classification
Koha item type Books
Holdings
Withdrawn status Lost status Damaged status Not for loan Collection code Home library Current library Shelving location Date acquired Total Checkouts Full call number Date last seen Price effective from Koha item type
        Government Publications National Library of India National Library of India Annexe Reading Room & Stack Division     GP 370.113 F 825paperi v, v 03/06/2021 03/06/2021 Books
                                                                           
web counter

Copyright ©2020 The National Library of India, Govt. of India ↔ Hosted by NVLI, MOC ↔ Technology and Design by National Library of India, Ministry of Culture, Govt. of India